[Event "EU-chT Seniors 10th"]
[Site "Dresden"]
[Date "2008.02.11"]
[Round "1.3"]
[White "Bec, Dietmar"]
[Black "Dueckstein, Andreas"]
[Result "0-1"]
[WhiteElo "1905"]
[BlackElo "2252"]
[PlyCount "86"]
[EventDate "2008.02.11"]
[EventType "team-swiss"]
[EventRounds "9"]
[EventCountry "GER"]
[SourceTitle "CBM 122 Extra"]
[Source "ChessBase"]
[SourceDate "2008.03.04"]
[SourceVersion "1"]
[SourceVersionDate "2008.03.04"]
[SourceQuality "1"]
[WhiteTeam "Sachsen II"]
[BlackTeam "Wien"]
[WhiteTeamCountry "GER"]
[BlackTeamCountry "AUT"]

1. Nf3 Nc6 2. c4 e5 3. Nc3 Nf6 4. a3 a5 5. d4 exd4 6. Nxd4 Bc5 7. e3 0-0 8. Nxc6 bxc6 9. b3 d5 10. Na4 Bd6 11. Bb2 Re8 12. c5 Be5 13. Bxe5 Rxe5 14. Be2 Qe7 15. 0-0 h5 16. h3 Rg5 17. Kh1 Qe4 18. Bf3 Qh4 19. Qd4 Ne4 20. Bxe4 dxe4 21. Qd8+ Kh7 22. f4 exf3 23. Rxf3 Bg4 24. Qd3+ Rg6 25. Rf4 Rd8 26. Rd4 Rxd4 27. Qxd4 Qf2 28. Qf4 Qxf4 29. exf4 Be6 30. Nc3 Rg3 31. Rc1 Bxb3 32. Ne4 Re3 33. Ng5+ Kg6 34. Nf3 Bd5 35. Ne5+ Kf5 36. Nc4 Rxh3+ 37. Kg1 Rg3 38. Rc2 Bxc4 39. Rxc4 Rxa3 40. Kf2 Rb3 41. g3 Rb4 42. Rc3 a4 43. Ra3 Kg4 0-1

[Event "AUT-chT2O 0708"]
[Site "Austria"]
[Date "2007.12.01"]
[Round "4.3"]
[White "Hangweyrer, Roman"]
[Black "Dueckstein, Andreas"]
[Result "0-1"]
[WhiteElo "2143"]
[BlackElo "2252"]
[PlyCount "52"]
[EventDate "2007.10.20"]
[EventType "team"]
[EventRounds "11"]
[EventCountry "AUT"]
[SourceTitle "CBM 121 Extra"]
[Source "ChessBase"]
[SourceDate "2008.01.10"]
[SourceVersion "1"]
[SourceVersionDate "2008.01.10"]
[SourceQuality "1"]
[WhiteTeam "Zwettl"]
[BlackTeam "Tschaturanga"]
[WhiteTeamCountry "AUT"]
[BlackTeamCountry "AUT"]

1. c4 e5 2. Nc3 Nf6 3. Nf3 Nc6 4. g3 d5 5. cxd5 Nxd5 6. Bg2 Be6 7. 0-0 Be7 8. d4 exd4 9. Nxd4 Nxc3 10. bxc3 Nxd4 11. cxd4 c6 12. e4 0-0 13. Re1 Qd7 14. Bb2 Rfd8 15. Qa4 a5 16. d5 cxd5 17. Qxd7 Bxd7 18. exd5 Bb4 19. Re4 Rac8 20. a3 Bd6 21. Re2 b5 22. f4 f6 23. Be4 Re8 24. Kf1 Bh3+ 25. Kf2 Bc5+ 26. Ke1 Bg4 0-1

[Event "EU-chT Seniors 09th"]
[Site "Dresden"]
[Date "2007.02.24"]
[Round "9"]
[White "Jentsch, Dieter"]
[Black "Dueckstein, Andreas"]
[Result "0-1"]
[WhiteElo "2176"]
[BlackElo "2241"]
[PlyCount "78"]
[EventDate "2007.02.16"]
[EventType "team-swiss"]
[EventRounds "9"]
[EventCountry "GER"]
[SourceTitle "CBM 117 Extra"]
[Source "ChessBase"]
[SourceDate "2007.05.09"]
[SourceVersion "1"]
[SourceVersionDate "2007.05.09"]
[SourceQuality "1"]

1. e4 e5 2. Nf3 Nc6 3. Bb5 Bc5 4. 0-0 Nd4 5. Nxd4 Bxd4 6. c3 Bb6 7. d3 c6 8. Bc4 d6 9. d4 Ne7 10. dxe5 dxe5 11. Qh5 Ng6 12. Nd2 Qf6 13. Nf3 h6 14. a4 Be6 15. Bxe6 Qxe6 16. a5 Bc7 17. Be3 0-0 18. g3 Rfd8 19. b4 b6 20. Nd2 bxa5 21. bxa5 Rab8 22. Qe2 Rb5 23. Nc4 a6 24. Nb6 f5 25. exf5 Qxf5 26. Qc4+ Qf7 27. Qxc6 Nf4 28. Rfd1 Rxd1+ 29. Rxd1 Rxa5 30. gxf4 exf4 31. Bd4 Rg5+ 32. Kf1 Qh5 33. Rb1 f3 34. Qxc7 Qh3+ 35. Ke1 Qe6+ 36. Be3 Rg1+ 37. Kd2 Qa2+ 38. Kd3 Qxb1+ 39. Kc4 Qb5+ 0-1